[Event "Rated Blitz game"]
[Site "?"]
[Date "2021.01.19"]
[Round "?"]
[White "Amirm_b"]
[Black "Jomajo"]
[Result "0-1"]
[WhiteElo "2535"]
[BlackElo "2604"]
[PlyCount "122"]
[EventDate "2021.??.??"]
[EventType "blitz"]

1. e4 e5 2. Nf3 d5 3. exd5 e4 4. Ne5 Qxd5 5. d4 exd3 6. Nxd3 Nf6 7. Be2 Bd6 8.
O-O O-O 9. Nc3 Qa5 10. Bd2 Qf5 11. Bf3 Nc6 12. Ne2 Be6 13. Bc3 Rad8 14. Ng3
Bxg3 15. hxg3 Bc4 16. Be2 Ne4 17. Be1 Nd4 18. b3 Ba6 19. c4 Rfe8 20. Bg4 Qf6
21. Nb4 c5 22. Nd5 Qg5 23. Bf3 f5 24. Bxe4 fxe4 25. Bd2 Qf5 26. Be3 Rxd5 27.
cxd5 Bxf1 28. Qxf1 Qxd5 29. Rd1 Rd8 30. Rd2 h6 31. Qd1 Kh8 32. b4 b6 33. bxc5
bxc5 34. Qc1 Rd7 35. Qc3 Kh7 36. Rb2 Ne6 37. Rd2 Nd4 38. Rb2 Qc6 39. Rd2 Nb5
40. Qc1 Rxd2 41. Qxd2 c4 42. Qc2 c3 43. a4 Na3 44. Qb3 Nc4 45. Qxc3 Qd5 46. Qd4
Qxd4 47. Bxd4 a6 48. Kf1 Nd2+ 49. Ke2 Nb3 50. Ke3 Kg6 51. Kxe4 Kf7 52. f3 Ke6
53. g4 g6 54. Bc3 Nc5+ 55. Ke3 Nxa4 56. Be1 Nb6 57. Kf2 Nd5 58. Ba5 Nc3 59. g3
Nd5 60. f4 h5 61. f5+ Ke5 {Time forfeit} 0-1

[Event "Rated Blitz game"]
[Site "?"]
[Date "2021.01.19"]
[Round "?"]
[White "Schachelite"]
[Black "CovidBryant"]
[Result "1-0"]
[WhiteElo "2440"]
[BlackElo "2364"]
[PlyCount "46"]
[EventDate "2021.??.??"]
[EventType "blitz"]

1. e4 e5 2. Nf3 d5 3. exd5 e4 4. Qe2 Nf6 5. d3 Qxd5 6. Nbd2 Bf5 7. dxe4 Nxe4 8.
Nxe4 Qxe4 9. Nd4 Qxe2+ 10. Bxe2 Bd7 11. Bf4 Bd6 12. Bxd6 cxd6 13. O-O-O O-O 14.
Nb5 Bxb5 15. Bxb5 Rd8 16. Rd5 Nc6 17. Rhd1 Nb4 18. R5d4 a5 19. a3 Nc6 20. Bxc6
bxc6 21. Rxd6 Rxd6 22. Rxd6 Rc8 23. Rd7 g6 {Normal} 1-0

[Event "Rated Blitz game"]
[Site "?"]
[Date "2021.01.19"]
[Round "?"]
[White "gameoverbro"]
[Black "batasjon"]
[Result "1-0"]
[WhiteElo "2494"]
[BlackElo "2361"]
[PlyCount "45"]
[EventDate "2021.??.??"]
[EventType "blitz"]

1. e4 e5 2. Nf3 d5 3. exd5 e4 4. Qe2 Nf6 5. Nc3 Be7 6. Nxe4 O-O 7. Nxf6+ Bxf6
8. Qd1 Qxd5 9. Be2 c5 10. O-O Nc6 11. d3 b6 12. Re1 Bb7 13. Bf1 Rfe8 14. c3 Ne5
15. Nxe5 Rxe5 16. Rxe5 Bxe5 17. Be3 Qd6 18. Qh5 Rf8 19. Rd1 f5 20. d4 cxd4 21.
Bxd4 Bxd4 22. Rxd4 Qe6 23. Bc4 {Normal} 1-0

[Event "Rated Blitz game"]
[Site "?"]
[Date "2021.01.19"]
[Round "?"]
[White "stipunski"]
[Black "Jomajo"]
[Result "0-1"]
[WhiteElo "2492"]
[BlackElo "2606"]
[PlyCount "112"]
[EventDate "2021.??.??"]
[EventType "blitz"]

1. e4 e5 2. Nf3 d5 3. exd5 e4 4. Qe2 Qe7 5. Nd4 Nf6 6. Nc3 Qe5 7. Nf3 Qe7 8.
Ng5 Bf5 9. d3 exd3 10. Qxe7+ Bxe7 11. Bxd3 Bxd3 12. cxd3 Nbd7 13. Bf4 h6 14.
Nge4 Nb6 15. Nxf6+ Bxf6 16. Bxc7 Bxc3+ 17. bxc3 Nxd5 18. Be5 f6 19. Bd4 O-O 20.
Kd2 Nf4 21. g3 Ne6 22. Be3 f5 23. f4 Rfd8 24. Rhe1 Kf7 25. Rab1 b6 26. Rb5 g6
27. Re5 Rd6 28. d4 Rad8 29. h3 Rc8 30. g4 Ng7 31. Kd3 h5 32. gxh5 Nxh5 33. Bd2
Rd7 34. d5 Nf6 35. c4 b5 36. Rc1 bxc4+ 37. Rxc4 Nxd5 38. Rd4 Rcd8 39. Be3 Nxf4+
40. Kc4 Rxd4+ 41. Bxd4 Rd7 42. Ra5 Ne6 43. Bxa7 f4 44. h4 Kf6 45. Bf2 Rc7+ 46.
Kd3 Rd7+ 47. Ke4 Rd2 48. Kf3 Rd3+ 49. Ke4 Rc3 50. Bd4+ Nxd4 51. Kxd4 Rh3 52.
Ke4 Rxh4 53. Ra6+ Kg5 54. Ra5+ Kg4 55. a4 g5 56. Ra8 Rh3 {Normal} 0-1

[Event "Rated Blitz game"]
[Site "?"]
[Date "2021.01.19"]
[Round "?"]
[White "retrostail"]
[Black "batasjon"]
[Result "1-0"]
[WhiteElo "2427"]
[BlackElo "2359"]
[PlyCount "93"]
[EventDate "2021.??.??"]
[EventType "blitz"]

1. e4 e5 2. Nf3 d5 3. Nxe5 Bd6 4. d4 dxe4 5. Bc4 Bxe5 6. Qh5 Qe7 7. dxe5 Nc6 8.
Bf4 Be6 9. Bxe6 Qxe6 10. Nc3 O-O-O 11. O-O f5 12. exf6 Nxf6 13. Qb5 a6 14. Qa4
Rd4 15. Qa3 Rhd8 16. Be3 R4d7 17. h3 Ne5 18. Qb3 Qf5 19. Rad1 Nf3+ 20. Kh1 Nh4
21. Rxd7 Rxd7 22. Rd1 Rxd1+ 23. Nxd1 Nxg2 24. Kxg2 Qf3+ 25. Kh2 Qxd1 26. Qe6+
Qd7 27. Qxd7+ Kxd7 28. Kg3 Ke6 29. Kf4 Kd5 30. Kf5 b5 31. h4 Ng8 32. Bg5 h6 33.
Bd8 Kc6 34. Kg6 Kd7 35. Kxg7 Kxd8 36. Kxg8 Ke7 37. Kg7 Ke6 38. Kxh6 Kf5 39. h5
Kf4 40. Kg6 Kf3 41. h6 Kxf2 42. h7 e3 43. h8=Q e2 44. Qf6+ Kg1 45. Qg5+ Kf1 46.
Qf4+ Kg1 47. Qg3+ {Time forfeit} 1-0

[Event "Rated Blitz tournament Mjwb66PK"]
[Site "?"]
[Date "2021.01.19"]
[Round "?"]
[White "SimonMkrtchyan"]
[Black "khalid_ontawar"]
[Result "0-1"]
[WhiteElo "2419"]
[BlackElo "2307"]
[PlyCount "150"]
[EventDate "2021.??.??"]
[EventType "blitz"]

1. e4 e5 2. Nf3 d5 3. exd5 e4 4. Qe2 Nf6 5. d3 Bf5 6. Nbd2 Qxd5 7. dxe4 Bxe4 8.
Ng5 Qxg5 9. Nxe4 Qe5 10. Nxf6+ gxf6 11. Bf4 Qxe2+ 12. Bxe2 Bd6 13. Bxd6 cxd6
14. O-O-O Ke7 15. Rhe1 Nc6 16. Bg4+ Kf8 17. Rxd6 Rd8 18. Rxd8+ Nxd8 19. g3 Nc6
20. Bf3 Nd8 21. Bd5 Rg8 22. Kd2 Rg5 23. c4 b5 24. b3 bxc4 25. bxc4 h5 26. h4
Rf5 27. f4 Ne6 28. Bxe6 fxe6 29. Rxe6 Ra5 30. Rxf6+ Kg7 31. Rc6 Rxa2+ 32. Kc3
Ra3+ 33. Kb4 Rxg3 34. Rc7+ Kf6 35. Rxa7 Rg4 36. Ra8 Rxh4 37. Rf8+ Ke7 38. Rf5
Rh1 39. c5 h4 40. c6 h3 41. c7 Kd7 42. Rc5 Kc8 43. Rc2 Rf1 44. Kc5 Rxf4 45. Rh2
Rf3 46. Kd5 Rg3 47. Ke4 Kxc7 48. Kf4 Ra3 49. Kg4 Kd6 50. Rxh3 Ra4+ 51. Kg3 Ke5
52. Kh2 Ra2+ 53. Kg3 Kf5 54. Kh4 Ra8 55. Kg3 Rg8+ 56. Kf3 Ra8 57. Rh5+ Kg6 58.
Rb5 Ra3+ 59. Ke4 Rh3 60. Kf4 Rh4+ 61. Kg3 Rc4 62. Rb6+ Kg5 63. Rb5+ Kg6 64. Rb3
Rc5 65. Rf3 Kg5 66. Re3 Rb5 67. Rf3 Rd5 68. Re3 Rc5 69. Rf3 Ra5 70. Re3 Rf5 71.
Rf3 Re5 72. Rf4 Re3+ 73. Rf3 Re2 74. Rf4 Re3+ 75. Rf3 Re8 {Time forfeit} 0-1

[Event "Rated Blitz game"]
[Site "?"]
[Date "2021.01.19"]
[Round "?"]
[White "patzer001"]
[Black "KinzyabulatovRenat"]
[Result "1/2-1/2"]
[WhiteElo "2477"]
[BlackElo "2323"]
[PlyCount "122"]
[EventDate "2021.??.??"]
[EventType "blitz"]

1. e4 e5 2. Nf3 d5 3. d3 Nc6 4. exd5 Qxd5 5. Nc3 Bb4 6. Bd2 Bxc3 7. Bxc3 Nf6 8.
Be2 Bg4 9. O-O O-O-O 10. h3 Bh5 11. Nd2 Bxe2 12. Qxe2 Nd4 13. Bxd4 exd4 14. Qf3
Rhe8 15. Rfe1 a5 16. Qxd5 Nxd5 17. Nf3 c5 18. a3 a4 19. Kf1 f6 20. Nd2 Kc7 21.
Re4 Rxe4 22. Nxe4 Kc6 23. Re1 Re8 24. Ng3 Rxe1+ 25. Kxe1 g6 26. Ne2 b5 27. Kd2
Kd6 28. c3 Ke5 29. g3 g5 30. cxd4+ cxd4 31. Ng1 Ne7 32. Nf3+ Kd5 33. Nh2 h5 34.
Nf1 Nc6 35. Kc2 Ne5 36. Nd2 f5 37. Nf1 Nf3 38. Kd1 h4 39. gxh4 gxh4 40. Ke2
Ng1+ 41. Kd2 Nxh3 42. Nh2 Nxf2 43. Nf3 h3 44. Ke2 Ng4 45. Kf1 f4 46. Ng5 h2 47.
Kg2 f3+ 48. Nxf3 Kc5 49. Nxh2 Ne3+ 50. Kf3 Nd1 51. Ke4 Nxb2 52. Nf3 b4 53.
axb4+ Kxb4 54. Nxd4 a3 55. Nc2+ Kc3 56. Nxa3 Nxd3 57. Nb1+ Kb2 58. Nd2 Kc2 59.
Nf3 Nb4 60. Nd4+ Kc3 61. Nc6 Nxc6 {Normal} 1/2-1/2

[Event "Rated Blitz game"]
[Site "?"]
[Date "2021.01.19"]
[Round "?"]
[White "Adammaltese"]
[Black "Jomajo"]
[Result "0-1"]
[WhiteElo "2601"]
[BlackElo "2642"]
[PlyCount "22"]
[EventDate "2021.??.??"]
[EventType "blitz"]

1. e4 e5 2. Nf3 d5 3. exd5 e4 4. Ne5 Qe7 5. d4 exd3 6. Bxd3 Qxe5+ 7. Be3 Nf6 8.
O-O Bd6 9. g3 O-O 10. Nc3 Ng4 11. Bf4 Qh5 {Normal} 0-1

[Event "Rated Blitz game"]
[Site "?"]
[Date "2021.01.19"]
[Round "?"]
[White "Proteuo"]
[Black "Jomajo"]
[Result "0-1"]
[WhiteElo "2393"]
[BlackElo "2637"]
[PlyCount "66"]
[EventDate "2021.??.??"]
[EventType "blitz"]

1. e4 e5 2. Nf3 d5 3. exd5 e4 4. Qe2 Qe7 5. Nd4 Nf6 6. Nc3 Qe5 7. Nb3 Bd6 8. d4
exd3 9. Qxe5+ Bxe5 10. Bxd3 Bxc3+ 11. bxc3 Nxd5 12. Ba3 Be6 13. O-O-O Nd7 14.
Rhe1 O-O-O 15. Kb2 N5b6 16. Ka1 Na4 17. Bb2 Ndb6 18. Nd4 Bc4 19. Re7 Rhe8 20.
Rde1 Rxe7 21. Rxe7 g6 22. Re1 c5 23. Nb5 a6 24. Na3 Be6 25. c4 Nxb2 26. Kxb2
Rd4 27. Kc3 Kc7 28. Re5 Kd6 29. Re4 Na4+ 30. Kb3 Rxe4 31. Bxe4 b5 32. Bd3 Nb6
33. Kc3 b4+ {Normal} 0-1

[Event "Rated Blitz game"]
[Site "?"]
[Date "2021.01.19"]
[Round "?"]
[White "hungzhao"]
[Black "Jomajo"]
[Result "1-0"]
[WhiteElo "2709"]
[BlackElo "2639"]
[PlyCount "119"]
[EventDate "2021.??.??"]
[EventType "blitz"]

1. e4 e5 2. Nf3 d5 3. d3 dxe4 4. dxe4 Qxd1+ 5. Kxd1 Bg4 6. Be3 Nd7 7. Nbd2
O-O-O 8. h3 Bh5 9. Bc4 f6 10. g4 Bg6 11. Nh4 Bc5 12. Nxg6 hxg6 13. Ke2 Bxe3 14.
Kxe3 g5 15. Be6 Kb8 16. Nb3 Nf8 17. Bf7 Ne7 18. Nc5 b6 19. Nd3 Nfg6 20. Rad1
Nf4 21. Nxf4 gxf4+ 22. Ke2 Rxd1 23. Rxd1 Rxh3 24. Rd8+ Kb7 25. Re8 Nc8 26. Bd5+
c6 27. Bxc6+ Kxc6 28. Rxc8+ Kb7 29. Rg8 Rh1 30. Rxg7+ Ka6 31. a4 Rb1 32. b3 Rc1
33. Rc7 Rg1 34. b4 Rxg4 35. c3 f3+ 36. Ke3 b5 37. Rc6+ Kb7 38. axb5 Rf4 39. c4
f5 40. exf5 Rxf5 41. Ke4 Rh5 42. Kxf3 Rh4 43. Ke3 Rf4 44. f3 Kb8 45. b6 axb6
46. Rxb6+ Kc7 47. c5 Rc4 48. Kd3 Rd4+ 49. Ke2 Rf4 50. Ke3 Rc4 51. Rb5 Kc6 52.
Rb8 Kc7 53. Re8 Rxb4 54. Rxe5 Kc6 55. f4 Rc4 56. Kf3 Rxc5 57. Rxc5+ Kxc5 58.
Ke4 Kd6 59. Kf5 Ke7 60. Kg6 {Normal} 1-0

[Event "Rated Blitz game"]
[Site "?"]
[Date "2021.01.19"]
[Round "?"]
[White "N-Chadaev"]
[Black "Jomajo"]
[Result "1-0"]
[WhiteElo "2778"]
[BlackElo "2635"]
[PlyCount "49"]
[EventDate "2021.??.??"]
[EventType "blitz"]

1. e4 e5 2. Nf3 d5 3. exd5 e4 4. Qe2 Qe7 5. Nd4 Nf6 6. Nc3 Qe5 7. Nb3 Nbd7 8.
g3 Bb4 9. Bg2 Bxc3 10. dxc3 O-O 11. Bf4 Qxd5 12. Bxc7 Qc6 13. Bf4 Nb6 14. Nd4
Qd5 15. h3 Na4 16. Bc1 Bd7 17. O-O Rac8 18. Rd1 Rfe8 19. Kh2 Qe5 20. c4 e3 21.
f4 Qe7 22. Rd3 Qc5 23. b3 Nc3 24. Rxc3 Qxc4 25. Rxc4 {Normal} 1-0

[Event "Rated Rapid game"]
[Site "?"]
[Date "2021.01.19"]
[Round "?"]
[White "juliotenis"]
[Black "sedatrkk3"]
[Result "0-1"]
[WhiteElo "2337"]
[BlackElo "2457"]
[PlyCount "74"]
[EventDate "2021.??.??"]
[EventType "rapid"]

1. e4 e5 2. Nf3 d5 3. exd5 e4 4. Qe2 Nf6 5. d3 Qxd5 6. Nc3 Bb4 7. Nd2 Bxc3 8.
bxc3 O-O 9. dxe4 Qc5 10. Qc4 Qe7 11. Bd3 b6 12. O-O Ba6 13. Qb4 c5 14. Qa3 Bb7
15. f3 Nbd7 16. Nc4 Ne5 17. Nxe5 Qxe5 18. Be3 h5 19. Bf2 g5 20. Bg3 Qe6 21. Qc1
Nh7 22. Bf2 h4 23. h3 c4 24. Be2 f5 25. f4 g4 26. hxg4 fxg4 27. Bxh4 Qxe4 28.
Rf2 Rae8 29. Qf1 Nf6 30. Bxc4+ Bd5 31. Bd3 Qe3 32. Kh2 g3+ 33. Bxg3 Kg7 34. Bh4
Rh8 35. g3 Ng4+ 36. Kg1 Qxg3+ 37. Bxg3 Rh1# {Normal} 0-1

[Event "Rated Blitz game"]
[Site "?"]
[Date "2021.01.19"]
[Round "?"]
[White "GAGIK_JAN"]
[Black "Jomajo"]
[Result "1/2-1/2"]
[WhiteElo "2486"]
[BlackElo "2631"]
[PlyCount "137"]
[EventDate "2021.??.??"]
[EventType "blitz"]

1. e4 e5 2. Nf3 d5 3. exd5 e4 4. Qe2 Qe7 5. Nd4 Nf6 6. Nc3 Qe5 7. Nb3 Nbd7 8.
d3 exd3 9. Qxe5+ Nxe5 10. Bxd3 Nxd3+ 11. cxd3 Bb4 12. Bd2 Bf5 13. O-O-O O-O-O
14. Bg5 Bxc3 15. bxc3 Rxd5 16. d4 Ne4 17. c4 Rd7 18. Be3 b6 19. Kb2 Re8 20.
Rhe1 Rde7 21. d5 Nd6 22. Kc3 Re4 23. Nd4 Bd7 24. Bd2 Kb7 25. f3 R4e7 26. Rxe7
Rxe7 27. Re1 Rxe1 28. Bxe1 c5 29. Nc2 Nf5 30. Bf2 a6 31. g4 Ne7 32. Ne3 g6 33.
h4 b5 34. Bg3 Nc8 35. Nd1 Nb6 36. Nb2 Nc8 37. Nd3 Kb6 38. Bf2 bxc4 39. Nxc5 Bb5
40. a4 Be8 41. Kxc4 Nd6+ 42. Kd4 Ka5 43. Ke5 Nc4+ 44. Kf6 Nd2 45. Ke7 Bxa4 46.
Nxa4 Kxa4 47. d6 Nxf3 48. d7 Ne5 49. d8=Q Nc6+ 50. Kd7 Nxd8 51. Kxd8 f5 52.
gxf5 gxf5 53. Ke7 Kb4 54. Kf6 f4 55. Kf5 f3 56. Kf4 a5 57. Kxf3 a4 58. Kg4 Kc4
59. Bg3 Kd5 60. Kh5 a3 61. Be1 Kc4 62. Bg3 Kd5 63. Be1 Kc4 64. Bg3 Kd4 65. Bf2+
Ke4 66. Be1 Kd3 67. Bg3 Kd4 68. Bf2+ Kd5 69. Be1 {Normal} 1/2-1/2

[Event "Rated Blitz game"]
[Site "?"]
[Date "2021.01.19"]
[Round "?"]
[White "aRlEn1p"]
[Black "KinzyabulatovRenat"]
[Result "1-0"]
[WhiteElo "2413"]
[BlackElo "2354"]
[PlyCount "79"]
[EventDate "2021.??.??"]
[EventType "blitz"]

1. e4 e5 2. Nf3 d5 3. exd5 e4 4. Qe2 Nf6 5. d3 Qxd5 6. Nc3 Bb4 7. Bd2 Bxc3 8.
Bxc3 O-O 9. Ne5 Re8 10. d4 Nbd7 11. O-O-O Nb6 12. Kb1 Na4 13. Be1 c5 14. b3
cxd4 15. bxa4 Qxe5 16. Qb5 Qd6 17. Bc3 Bd7 18. Qb3 Be6 19. Qb5 a6 20. Rxd4 axb5
21. Rxd6 bxa4 22. Bb5 Rec8 23. Rhd1 h5 24. Bxf6 gxf6 25. R1d4 f5 26. h4 a3 27.
Be2 Kg7 28. Bxh5 Rh8 29. Be2 Rxh4 30. f3 Rh1+ 31. Rd1 Rh2 32. Rg1 Kf6 33. Rb6
Ke5 34. Rxb7 Kf4 35. fxe4 fxe4 36. Bd1 e3 37. Be2 Kg3 38. Rb4 Kf2 39. Bf3 Kxg1
40. Bxa8 {Time forfeit} 1-0

[Event "Rated Blitz game"]
[Site "?"]
[Date "2021.01.19"]
[Round "?"]
[White "GAGIK_JAN"]
[Black "Jomajo"]
[Result "1-0"]
[WhiteElo "2477"]
[BlackElo "2642"]
[PlyCount "47"]
[EventDate "2021.??.??"]
[EventType "blitz"]

1. e4 e5 2. Nf3 d5 3. exd5 e4 4. Qe2 Qe7 5. Nd4 Nf6 6. Nc3 Qe5 7. Nb3 Bd6 8. d3
exd3 9. Qxe5+ Bxe5 10. Bxd3 Bxc3+ 11. bxc3 Nxd5 12. Bb2 O-O 13. O-O-O Nb6 14.
Rhe1 Be6 15. Kb1 N8d7 16. Ba3 Rfe8 17. Nd4 Bd5 18. f3 Na4 19. Bb4 c5 20. Rxe8+
Rxe8 21. Bb5 Bc6 22. Nxc6 cxb4 23. Bxa4 Nb6 24. Ne7+ {Normal} 1-0

[Event "Rated Blitz game"]
[Site "?"]
[Date "2021.01.19"]
[Round "?"]
[White "SHIELD2020"]
[Black "sssssss007"]
[Result "1-0"]
[WhiteElo "2484"]
[BlackElo "2362"]
[PlyCount "113"]
[EventDate "2021.??.??"]
[EventType "blitz"]

1. e4 e5 2. Nf3 d5 3. Nxe5 Bd6 4. d4 dxe4 5. Nc4 Nf6 6. Bg5 O-O 7. Nc3 Re8 8.
a3 Nc6 9. Be2 h6 10. Bh4 Bf5 11. Qd2 Be7 12. O-O-O Nd5 13. Bxe7 Rxe7 14. Nxd5
Qxd5 15. Ne3 Qd7 16. Bb5 a6 17. Ba4 b5 18. Bb3 Rd8 19. Qc3 Bg6 20. d5 Ne5 21.
Rd2 Kh8 22. Rhd1 f5 23. d6 cxd6 24. Rxd6 Qxd6 25. Rxd6 Rxd6 26. Nd5 Rc6 27. Qd4
Re8 28. Nf4 Kh7 29. Nxg6 Rxg6 30. g3 Rf6 31. h3 Re7 32. Qd8 Rd7 33. Qe8 Rfd6
34. Kb1 Nc4 35. Bxc4 bxc4 36. Qc8 Rd5 37. Qxc4 Rd2 38. Qe6 R7d5 39. b4 Rb5 40.
g4 fxg4 41. Qxe4+ Kg8 42. hxg4 Rdd5 43. Qe8+ Kh7 44. Qe4+ Kg8 45. c4 Re5 46.
Qa8+ Kh7 47. cxb5 Rxb5 48. Qe4+ Kg8 49. a4 Rg5 50. Qc4+ Kh7 51. f4 Rg6 52. f5
Rf6 53. b5 g6 54. Qc7+ Kg8 55. fxg6 Rf7 56. Qxf7+ Kh8 57. Qh7# {Normal} 1-0

[Event "Rated Blitz tournament Mjwb66PK"]
[Site "?"]
[Date "2021.01.19"]
[Round "?"]
[White "Arciux"]
[Black "Jordaine_Tupaz"]
[Result "0-1"]
[WhiteElo "2455"]
[BlackElo "2267"]
[PlyCount "98"]
[EventDate "2021.??.??"]
[EventType "blitz"]

1. e4 e5 2. Nf3 d5 3. exd5 e4 4. Nc3 Nf6 5. Qe2 Be7 6. Nxe4 O-O 7. Nxf6+ Bxf6
8. d4 Qxd5 9. Be3 Bg4 10. h3 Bxf3 11. Qxf3 Qxf3 12. gxf3 Re8 13. O-O-O c6 14.
Bc4 Nd7 15. Bb3 Nb6 16. Rdg1 Rad8 17. c3 Nd5 18. Re1 Kf8 19. Rhg1 Re6 20. Bd2
Rde8 21. Rxe6 Rxe6 22. Bxd5 cxd5 23. Re1 Bh4 24. Rxe6 fxe6 25. Be3 Kf7 26. Kd2
Kg6 27. Ke2 Kf5 28. Kd3 Bf6 29. b3 Kg6 30. c4 Kh5 31. f4 Kh4 32. f5 exf5 33.
cxd5 Kxh3 34. Bf4 Kg2 35. Be5 Bd8 36. Bxg7 Kxf2 37. Bh6 Kf3 38. d6 f4 39. d5
Bf6 40. d7 Kg4 41. Bf8 Kf5 42. d6 Ke6 43. Ke4 Kxd7 44. Kxf4 Bc3 45. Kg5 Bb4 46.
Kh6 Bxd6 47. Bxd6 Kxd6 48. Kxh7 Kc5 49. Kg6 Kb4 {Normal} 0-1

[Event "Rated Blitz game"]
[Site "?"]
[Date "2021.01.19"]
[Round "?"]
[White "fabielvi"]
[Black "Maltinho"]
[Result "1-0"]
[WhiteElo "2735"]
[BlackElo "2560"]
[PlyCount "90"]
[EventDate "2021.??.??"]
[EventType "blitz"]

1. e4 e5 2. Nf3 d5 3. exd5 Bd6 4. Nc3 Nf6 5. d4 e4 6. Ne5 h6 7. Bf4 O-O 8. Bg3
Nbd7 9. Bb5 Nb6 10. Qe2 Bf5 11. Bh4 a6 12. Bc4 Re8 13. O-O-O Nxc4 14. Nxc4 Bb4
15. Qd2 g5 16. Ne3 Bg6 17. Bg3 Bxc3 18. Qxc3 Nxd5 19. Qb3 c6 20. h4 b5 21. hxg5
hxg5 22. Rh6 Kg7 23. Rdh1 Qd7 24. Nxd5 cxd5 25. Be5+ f6 26. Qg3 Qf5 27. Bd6 e3
28. Rxg6+ Qxg6 29. fxe3 Qe4 30. Re1 Qh4 31. Kd2 Qxg3 32. Bxg3 Rac8 33. Ra1 Rc6
34. a4 b4 35. a5 Rec8 36. Rc1 b3 37. c3 Rc4 38. Ra1 Rd8 39. Ra3 Rd7 40. Rxb3
Rc6 41. Rb6 Rxb6 42. axb6 Kf7 43. Bc7 Ke6 44. b7 Rxc7 45. b8=Q Rd7 {Normal} 1-0

[Event "Rated Blitz game"]
[Site "?"]
[Date "2021.01.19"]
[Round "?"]
[White "AOrlovPetersburg"]
[Black "Jomajo"]
[Result "0-1"]
[WhiteElo "2629"]
[BlackElo "2625"]
[PlyCount "91"]
[EventDate "2021.??.??"]
[EventType "blitz"]

1. e4 e5 2. Nf3 d5 3. Nxe5 Bd6 4. d4 dxe4 5. Bc4 Bxe5 6. dxe5 Qxd1+ 7. Kxd1 Nc6
8. Bf4 Bg4+ 9. Ke1 O-O-O 10. Nc3 Nd4 11. Rc1 f5 12. h3 Bh5 13. Nb5 Nxb5 14.
Bxb5 Ne7 15. Be2 Bf7 16. b3 Nd5 17. Bh2 Nc3 18. f3 Bd5 19. a4 Bc6 20. f4 e3 21.
Bd3 Bxg2 22. Rg1 Bxh3 23. Rg3 Bg4 24. Rxe3 Nd5 25. Kf2 Nxe3 26. Kxe3 h5 27. a5
a6 28. b4 h4 29. Rb1 c6 30. Rb3 Rd7 31. Rb1 h3 32. Rg1 Kc7 33. Ra1 Rhd8 34. Rg1
Rd4 35. Rb1 g6 36. Rb2 R4d5 37. Rb1 c5 38. b5 axb5 39. Rxb5 c4 40. Bxc4 Rxb5
41. Bxb5 Rd5 42. Be8 Rxa5 43. Bxg6 Ra3+ 44. Kf2 Rc3 45. e6 Rxc2+ 46. Kg1 {
Normal} 0-1

[Event "Rated Blitz game"]
[Site "?"]
[Date "2021.01.19"]
[Round "?"]
[White "schwinggggg"]
[Black "Schachelite"]
[Result "1-0"]
[WhiteElo "2374"]
[BlackElo "2443"]
[PlyCount "95"]
[EventDate "2021.??.??"]
[EventType "blitz"]

1. e4 e5 2. Nf3 d5 3. Nxe5 Bd6 4. d4 dxe4 5. Nc4 Nf6 6. Ne3 O-O 7. Be2 Nc6 8.
c3 Ne7 9. O-O c5 10. dxc5 Bxc5 11. Nd2 Be6 12. Nb3 Bb6 13. Nc4 Qxd1 14. Rxd1
Bxc4 15. Bxc4 Ng4 16. Nd4 Nc6 17. h3 Nxd4 18. hxg4 Nc2 19. Rb1 e3 20. fxe3 Nxe3
21. Bxe3 Bxe3+ 22. Kf1 Rad8 23. Ke2 Bg5 24. Bd5 b6 25. c4 Rfe8+ 26. Kf2 Kf8 27.
Rf1 Re3 28. Rbe1 Bh4+ 29. Kxe3 Re8+ 30. Kd2 Bxe1+ 31. Rxe1 Rd8 32. Kd3 h6 33.
Rf1 Rd7 34. b3 f6 35. Re1 g6 36. Re6 Kg7 37. Kd4 h5 38. gxh5 gxh5 39. b4 Kg6
40. c5 bxc5+ 41. bxc5 h4 42. c6 Rg7 43. Rd6 Kf5 44. Rd7 Rg4+ 45. Kc5 Rg3 46. c7
Kf4 47. c8=Q Rc3+ 48. Bc4 {Normal} 1-0

[Event "Rated Blitz game"]
[Site "?"]
[Date "2021.01.19"]
[Round "?"]
[White "Babnik"]
[Black "Schachelite"]
[Result "1-0"]
[WhiteElo "2406"]
[BlackElo "2436"]
[PlyCount "47"]
[EventDate "2021.??.??"]
[EventType "blitz"]

1. e4 e5 2. Nf3 d5 3. Nxe5 Bd6 4. d4 dxe4 5. Nc4 Nf6 6. Nc3 O-O 7. Be2 Nc6 8.
Be3 Re8 9. O-O a6 10. a4 Bf5 11. a5 Bg6 12. Nxd6 Qxd6 13. d5 Ne5 14. h3 Rad8
15. Ra4 Nxd5 16. Nxe4 Nxe3 17. Nxd6 Nxd1 18. Nxe8 Bxc2 19. Bxd1 Bxd1 20. Re4 f6
21. Nxc7 Bc2 22. Re3 Rd7 23. Ne6 Ba4 24. Nc5 {Normal} 1-0

[Event "Rated Blitz game"]
[Site "?"]
[Date "2021.01.19"]
[Round "?"]
[White "FSTJesperHall"]
[Black "BilboBallgins"]
[Result "1-0"]
[WhiteElo "2583"]
[BlackElo "2421"]
[PlyCount "99"]
[EventDate "2021.??.??"]
[EventType "blitz"]

1. e4 e5 2. Nf3 d5 3. exd5 e4 4. Qe2 Nf6 5. Nc3 Be7 6. Nxe4 O-O 7. Nxf6+ Bxf6
8. Qc4 c6 9. dxc6 Nxc6 10. Be2 Re8 11. O-O Be6 12. Qd3 Nb4 13. Qxd8 Raxd8 14.
Ne1 Nxa2 15. d3 Nxc1 16. Rxc1 Bxb2 17. Rb1 Bc3 18. Bf3 b6 19. g3 Bd7 20. Ng2 b5
21. Ne3 a5 22. Nd5 Be5 23. Nb6 b4 24. Nxd7 Rxd7 25. Bc6 Rdd8 26. Bxe8 Rxe8 27.
Rfe1 Kf8 28. Re4 Bc3 29. Rc4 Ra8 30. Kf1 a4 31. Rcxb4 Bxb4 32. Rxb4 a3 33. Rb1
a2 34. Ra1 Ke7 35. Ke2 Kd6 36. Kd2 Kc5 37. c3 Ra6 38. Kc2 g5 39. Kb3 Rb6+ 40.
Kxa2 Rf6 41. Rf1 Rf3 42. Kb3 Rxd3 43. Ra1 Rf3 44. Ra5+ Kb6 45. Rxg5 Rxf2 46.
Rh5 f5 47. Rxh7 f4 48. gxf4 Rxf4 49. h4 Kb5 50. h5 {Normal} 1-0

[Event "Rated Blitz game"]
[Site "?"]
[Date "2021.01.19"]
[Round "?"]
[White "Anisaaa99"]
[Black "batasjon"]
[Result "1/2-1/2"]
[WhiteElo "2437"]
[BlackElo "2368"]
[PlyCount "86"]
[EventDate "2021.??.??"]
[EventType "blitz"]

1. e4 e5 2. Nf3 d5 3. Nxe5 Bd6 4. d4 dxe4 5. Nc4 Nf6 6. Bg5 O-O 7. Nbd2 h6 8.
Bxf6 Qxf6 9. c3 Qg6 10. Qc2 b5 11. Nxd6 cxd6 12. Bxb5 e3 13. Ne4 d5 14. O-O-O
Bf5 15. fxe3 Bxe4 16. Qa4 a6 17. Bf1 Nc6 18. h4 Rfc8 19. h5 Qh7 20. Rh4 Ne7 21.
Rf4 Nf5 22. Kd2 Nd6 23. g4 Rc7 24. Kc1 Rac8 25. Bxa6 Ra8 26. Rdf1 f6 27. Qb4
Nc4 28. Bxc4 Rxc4 29. Qb7 Rac8 30. Qd7 Kh8 31. Qe7 Bb1 32. R1f2 Bxa2 33. Rxf6
Qb1+ 34. Kd2 Qxb2+ 35. Ke1 Qc1+ 36. Ke2 Rg8 37. Rxh6+ gxh6 38. Qf6+ Rg7 39.
Qf8+ Kh7 40. Qf5+ Kg8 41. Qf8+ Kh7 42. Qf5+ Kg8 43. Qf8+ Kh7 {Normal} 1/2-1/2

[Event "Rated Blitz game"]
[Site "?"]
[Date "2021.01.19"]
[Round "?"]
[White "Plaskett7"]
[Black "Maltinho"]
[Result "1-0"]
[WhiteElo "2593"]
[BlackElo "2568"]
[PlyCount "93"]
[EventDate "2021.??.??"]
[EventType "blitz"]

1. e4 e5 2. Nf3 d5 3. exd5 Bd6 4. d4 e4 5. Ne5 Nf6 6. Nc3 O-O 7. Be2 Nbd7 8.
Nc4 Bb4 9. Bg5 h6 10. Bh4 Qe8 11. Ne3 Nb6 12. O-O Bxc3 13. bxc3 Nfxd5 14. Qd2
f5 15. c4 Nf4 16. c5 Nbd5 17. Bc4 Be6 18. Bb3 c6 19. c4 Ne7 20. Bg3 Nfg6 21. d5
Rd8 22. Bd6 Bf7 23. f4 cxd5 24. cxd5 b6 25. Rad1 bxc5 26. Bxc5 Qb5 27. Bxa7 Rd7
28. Qd4 Rfd8 29. Ba4 Qe2 30. Rd2 Qh5 31. Bxd7 Rxd7 32. d6 Nc6 33. Qb6 Nxa7 34.
Rc2 Kh7 35. Rc7 Rxc7 36. Qxc7 Nb5 37. Qxf7 Nxd6 38. Qe6 Nb5 39. Qxf5 Qe2 40.
Qxe4 Nc3 41. Qf3 Qd2 42. g3 Nxa2 43. Qe4 Nc3 44. Qf3 Qd3 45. Nd1 Qd4+ 46. Kg2
Ne7 47. Nxc3 {Normal} 1-0

[Event "Rated Blitz game"]
[Site "?"]
[Date "2021.01.19"]
[Round "?"]
[White "mafiabossgigant"]
[Black "Jomajo"]
[Result "1-0"]
[WhiteElo "2425"]
[BlackElo "2620"]
[PlyCount "55"]
[EventDate "2021.??.??"]
[EventType "blitz"]

1. e4 e5 2. Nf3 d5 3. exd5 e4 4. Ne5 Qe7 5. Nc4 Nf6 6. Ne3 c6 7. Nc3 Qe5 8. d4
exd3 9. Qxd3 Bd6 10. Be2 cxd5 11. Nexd5 O-O 12. Nxf6+ gxf6 13. Be3 Bf5 14. Qd2
Nc6 15. Rd1 Rad8 16. Bd3 Bb4 17. O-O Bxd3 18. cxd3 f5 19. d4 Qf6 20. Bg5 Qxd4
21. Qe2 Qg7 22. Bxd8 Bxc3 23. bxc3 Nxd8 24. Qe3 Ne6 25. Qf3 b6 26. Qxf5 Qxc3
27. Rd3 Qc5 28. Rg3+ {Normal} 1-0

[Event "Rated Blitz game"]
[Site "?"]
[Date "2021.01.19"]
[Round "?"]
[White "LRgenius"]
[Black "Maltinho"]
[Result "0-1"]
[WhiteElo "2510"]
[BlackElo "2560"]
[PlyCount "20"]
[EventDate "2021.??.??"]
[EventType "blitz"]

1. e4 e5 2. Nf3 d5 3. exd5 Bd6 4. Nc3 Nf6 5. Bc4 e4 6. Ng5 O-O 7. O-O Bxh2+ 8.
Kxh2 Ng4+ 9. Kg1 Qxg5 10. d3 Qe5 {Normal} 0-1